| 000 | 00794nam a2200241Ia 4500 | ||
|---|---|---|---|
| 003 | OSt | ||
| 005 | 20260507150335.0 | ||
| 008 | 210210b1960 xxu||||| |||| 00| 0 eng d | ||
| 040 | _cAL | ||
| 041 | _aSanskrit | ||
| 082 | _aS891.1 VARS | ||
| 100 |
_aVARADACHARYA (K S), Ed. _dवरदाचार्य (के.एस.) _9263515 |
||
| 245 |
_aSrimadvalmikiramayana-Ayodhyakanda II V3. _bश्रिमद्वाल्मीकी रामायणम् : अयोध्याकाण्ड |
||
| 260 |
_aMysore _bOriental research institute _c1960 |
||
| 300 | _a502 | ||
| 440 |
_a3 _9263516 |
||
| 650 |
_aV3. _9263517 |
||
| 650 |
_aSrimadvalmikiramayana-Ayodhyakanda _9263518 |
||
| 650 |
_aII _9263519 |
||
| 690 |
_aSanskrit Poetry _9263520 |
||
| 906 | _a045824 | ||
| 942 |
_2ddc _cBK |
||
| 999 |
_c95295 _d95295 |
||